German City by Cathedral or Church - Statistics

General Stats
  • This quiz has been taken 57 times
  • The average score is 10 of 16
Answer Stats
Picture Answer % Correct
Berlin
100%
Munich
100%
Dresden
92%
Frankfurt
75%
Nuremberg
74%
Aachen
72%
Leipzig
70%
Stuttgart
68%
Bonn
57%
Hanover
57%
Dortmund
53%
Düsseldorf
53%
Mainz
53%
Essen
43%
Augsburg
42%
Potsdam
32%
No matching quizzes found
Score Distribution
Percent of People with Each Score
Percentile by Number Answered
Your Score History
You have not taken this quiz